| 000 | 01172cam a2200181 4500 | ||
|---|---|---|---|
| 001 | L109375 | ||
| 008 | 000000n2006 000 0 eng u | ||
| 035 | _a(Sirsi) u109375 | ||
| 041 | _aeng | ||
| 110 |
_aHBOS plc _94703 |
||
| 245 | _aHalifax house price index | ||
| 260 | _c2006 | ||
| 520 | _aThe website presents a wide range of house price and housing market information, both current and historic. The Halifax house price index is the UK's longest running monthly house price series with data covering the whole country back to January 1983. Provides a monthly national index report based on approximately 15 000 house purchase transactions, regional summaries and quarterly regional comments. Historic data spreadsheets (Excel) are also available including regional, county, post town and property type data. Offers research releases on many aspects of the housing market and a house price calculator. | ||
| 590 | _aIKA190505 | ||
| 690 | _aPROPERTY-RESIDENTIAL PROPERTY-RESIDENTIAL PROPERTY MARKET | ||
| 856 | 4 | 0 |
_uhttps://www.lloydsbankinggroup.com/media1/research/halifax_hpi.asp _zView the website free of charge at www.lloydsbankinggroup.com... |
| 942 | _n0 | ||
| 999 |
_c119722 _d119722 |
||